000 01822nam0a2200349 i 4500
001 RU\NLR\BIBL_A\011348863
005 20241103111943.0
010 _a9785799508500
_bв обл.
_9100
021 _aRU
_b2017-11398
_9836
035 _a(NILC)LIBNET\0000722538
035 _aRU\TOUNB\BIBL\1396263
035 _a(NLR Aleph) 011348863
090 _a11233870
_c11233870
100 _a20170320d2016 u y0rusy50 ca
101 0 _arus
102 _aRU
105 _ay j 000zy
200 1 _aОсновы психологического консультирования
_eучебное пособие
_fА.А. Макарьева, А.С. Поляков
_gМинобрнауки России, Федеральное государственное бюджетное образовательное учреждение высшего образования "Тверской государственный технический университет" (ТвГТУ)
210 _aТверь
_cТвГТУ
_d2016
215 _a79 с.
_d21
320 _aБиблиогр.: с. 77-79 (26 назв.) и в тексте
606 _aКонсультативная психология
_jУчебные издания для высших учебных заведений
_91365555
_3RU\NLR\AUTH\66571704
686 _a88.92я7
_vLBC/M
_2rubbk
686 1 _aЮ949.2я73
700 1 _aМакарьева
_bА. А.
_gАнастасия Александровна
701 1 _aПоляков
_bА. С.
_cканд. психол. наук, психология труда
_gАлександр Сергеевич
_9149853
_3RU\NLR\AUTH\770149889
801 0 _aRU
_bТверская ОУНБ
_c20161202
_gPSBO
801 1 _aRU
_bТверская ОУНБ
_c20161202
942 _cBOOK
980 _aNBR